5HLuxD.jpg

KING HENRY VIII SENIOR AND PRIMARY SCHOOL LIBRARY OPAC

Love or money? / (Record no. 5437)

000 -LEADER
fixed length control field 01745nam a2200361 i 4500
001 - CONTROL NUMBER
control field ocn263345650
003 - CONTROL NUMBER IDENTIFIER
control field OCoLC
005 - DATE AND TIME OF LATEST TRANSACTION
control field 20250918094710.0
008 - FIXED-LENGTH DATA ELEMENTS--GENERAL INFORMATION
fixed length control field 180713s2008 enka e 000 1 eng d
020 ## - INTERNATIONAL STANDARD BOOK NUMBER
International Standard Book Number 9780194789080
040 ## - CATALOGING SOURCE
Original cataloging agency SULEY
Language of cataloging eng
Transcribing agency SULEY
Modifying agency DLC
-- BTCTA
-- AU@
-- TVG
-- YDXCP
-- NLGGC
-- BDX
-- OCLCF
-- OCLCO
-- BEDGE
-- OCLCQ
-- OCLCO
-- OVY
-- OCLCO
-- SFR
-- UtOrBLW
-- CaOL
-- KH8
Description conventions rda
082 ## - DEWEY DECIMAL CLASSIFICATION NUMBER
Classification number 428.6 AKI
100 1# - MAIN ENTRY--PERSONAL NAME
Personal name Akinyemi, Rowena,
Relator term author.
245 10 - TITLE STATEMENT
Title Love or money? /
Statement of responsibility, etc. Rowena Akinyemi.
264 #1 - PRODUCTION, PUBLICATION, DISTRIBUTION, MANUFACTURE, AND COPYRIGHT NOTICE
Place of production, publication, distribution, manufacture Oxford, [England] :
Name of producer, publisher, distributor, manufacturer Oxford University Press,
Date of production, publication, distribution, manufacture, or copyright notice [2008]
264 #4 - PRODUCTION, PUBLICATION, DISTRIBUTION, MANUFACTURE, AND COPYRIGHT NOTICE
Date of production, publication, distribution, manufacture, or copyright notice ©2008.
300 ## - PHYSICAL DESCRIPTION
Extent 56 pages :
Other physical details illustrations ;
Dimensions 20 cm.
336 ## - CONTENT TYPE
Content type term text
Content type code txt
Source rdacontent.
337 ## - MEDIA TYPE
Media type term unmediated
Media type code n
Source rdamedia.
338 ## - CARRIER TYPE
Carrier type term volume
Carrier type code nc
Source rdacarrier.
490 1# - SERIES STATEMENT
Series statement Oxford Bookworms Library. Crime & Mystery, stage 1.
520 ## - SUMMARY, ETC.
Summary, etc. "It is Molly Clarkson's fiftieth birthday. She is having a party. She is rich, but she is having a small party - only four people. Four people, however, who all need the same thing: they need her money. She will not give them the money, so they are waiting for her to die. And there are other people who are also waiting for her to die. But one person can't wait. And so, on her fiftieth birthday, Molly Clarkson is going to die." --Back cover.
650 #0 - SUBJECT ADDED ENTRY--TOPICAL TERM
Topical term or geographic name entry element Reading comprehension
Form subdivision Problems, exercises, etc.
650 #0 - SUBJECT ADDED ENTRY--TOPICAL TERM
Topical term or geographic name entry element High interest-low vocabulary books.
650 #0 - SUBJECT ADDED ENTRY--TOPICAL TERM
Topical term or geographic name entry element Readers (Adult)
650 #0 - SUBJECT ADDED ENTRY--TOPICAL TERM
Topical term or geographic name entry element Readers for new literates.
650 #0 - SUBJECT ADDED ENTRY--TOPICAL TERM
Topical term or geographic name entry element Inheritance and succession
Form subdivision Fiction.
650 #0 - SUBJECT ADDED ENTRY--TOPICAL TERM
Topical term or geographic name entry element Birthdays
Form subdivision Fiction.
650 #0 - SUBJECT ADDED ENTRY--TOPICAL TERM
Topical term or geographic name entry element Death
Form subdivision Fiction.
650 #7 - SUBJECT ADDED ENTRY--TOPICAL TERM
Topical term or geographic name entry element Detective and mystery fiction.
Source of heading or term genre.
830 #0 - SERIES ADDED ENTRY--UNIFORM TITLE
Uniform title Oxford bookworms library.
Name of part/section of a work Crime & mystery.
Number of part/section of a work Stage 1.
942 ## - ADDED ENTRY ELEMENTS (KOHA)
Source of classification or shelving scheme
Koha item type Teaching Resources
Holdings
Withdrawn status Lost status Source of classification or shelving scheme Damaged status Not for loan Collection code Permanent Location Current Location Shelving location Date acquired Total Checkouts Full call number Barcode Date due Date last seen Date last checked out Copy number Price effective from Koha item type
          Teaching Resources KH8 Senior School Library KH8 Senior School Library Staff Office 2025-09-18 1 428.6 AKI TRKHSL006584 2026-07-03 2025-09-18 2025-09-18 ELP 2025-09-18 Teaching Resources
          Teaching Resources KH8 Senior School Library KH8 Senior School Library Staff Office 2025-09-18 1 428.6 AKI TRKHSL006585 2026-07-03 2025-09-18 2025-09-18 ELP 2025-09-18 Teaching Resources

Powered By KH8 IT Dept